| 000 | 00925nam0a22002651 4500 | ||
|---|---|---|---|
| 001 | rc\862112 | ||
| 005 | 20260605104958.0 | ||
| 035 | _a(NLR Aleph) 006041640 | ||
| 090 |
_a4710460 _c4710460 |
||
| 100 | _a20041129d1984 u |0rusy50 ca | ||
| 101 | 0 | _arus | |
| 102 | _aRU | ||
| 105 | _aa ||||||||| | ||
| 200 | 1 | _aСтимуляторы регенерации в терапии вирусного гепатита и других заболеваний печени | |
| 210 |
_aВоронеж _cИзд-во Воронеж. ун-та _d1984 |
||
| 215 |
_a121 с. _cил. _d20 |
||
| 320 | _aБиблиогр.: с. 115-120 (110 назв.) | ||
| 700 | 1 |
_aРычнев _bВ. Е. _gВалентин Ефимович |
|
| 701 | 1 |
_aФролов _bВ. М. _gВалерий Митрофанович |
|
| 801 | 0 |
_aRU _bNLR _gpsbo |
|
| 801 | 1 |
_aRU _bELAR _2rusmarc |
|
| 852 |
_aNLR _j84-3/6674 |
||
| 942 | _cBOOK | ||
| 980 | _aNB | ||